000 00642nam a22002297a 4500
003 UA-OsUOA
001 94324
007 ta
008 20130207b un ||||| |||| 00| 0 ukr d
100 _aГорбовский Г.
090 _a821.161.1
_bГ37
942 _cBK
040 _aUA-OsUOA
_brus
_cUA-OsUOA
_dUA-OsUOA
245 _aПервые проталины
_bповести
300 _a464 с.
955 _a3
041 _arus
080 _a821.161.1
260 _aЛенинград
_bСоветский писатель
_c1984
650 7 _a82 Література. Літературознавство
_2UDC
999 _c380572
_d380572